Geography Containing Each Letter A-Z - Countries & Capitals - Statistics

General Stats
  • This quiz has been taken 765 times
  • The average score is 390 of 464
Answer Stats
Starts With Contains # Possible Example Geography % Correct
A A 27 Algiers
99%
A I 15 Algiers
99%
A N 16 Andorra la Vella
99%
A R 15 Argentina
99%
A E 8 Algiers
98%
B A 30 Buenos Aires
98%
B B 43 Baku
98%
B I 24 Bolivia
98%
A B 7 Albania
97%
A T 10 Athens
97%
B L 16 Brussels
97%
B R 22 Buenos Aires
97%
C A 19 Caracas
97%
C C 24 Canberra
97%
A S 11 Algiers
96%
B E 23 Buenos Aires
96%
B N 20 Buenos Aires
96%
B S 17 Buenos Aires
96%
C I 11 Cairo
96%
C N 10 China
96%
D A 10 Denmark
96%
D D 14 Dhaka
96%
D N 6 Dublin
96%
R R 10 Rome
96%
U A 7 Ulaanbaatar
96%
U U 8 United Kingdom
96%
A D 6 Andorra la Vella
95%
A G 7 Algiers
95%
B G 12 Belgium
95%
B O 12 Buenos Aires
95%
B U 16 Bulgaria
95%
C O 11 Cambodia
95%
C R 13 Canberra
95%
D E 4 Denmark
95%
D M 6 Denmark
95%
D R 4 Dakar
95%
E E 9 East Timor
95%
F F 6 Finland
95%
F N 5 Finland
95%
G A 14 Gaborone
95%
G G 16 Georgia
95%
M M 36 Morocco
95%
N N 21 Nassau
95%
P A 20 Praia
95%
P P 26 Porto-Novo
95%
S A 39 Saint John's
95%
S S 45 Suriname
95%
T T 22 Tirana
95%
U D 4 Uganda
95%
U E 5 Ukraine
95%
U I 5 Ukraine
95%
U N 7 Ukraine
95%
U T 5 Ulaanbaatar
95%
A L 6 Algiers
94%
A U 6 Austria
94%
B D 9 Bridgetown
94%
C B 6 Colombia
94%
C H 6 China
94%
D B 6 Djibouti
94%
D I 7 Dominican Republic
94%
D U 7 Djibouti
94%
E A 8 East Timor
94%
E O 6 East Timor
94%
E T 7 Ethiopia
94%
F A 5 France
94%
G E 12 Gaborone
94%
G N 9 Ghana
94%
H A 7 Havana
94%
H H 8 Havana
94%
I A 10 Islamabad
94%
I I 10 India
94%
J A 6 Jakarta
94%
J J 6 Jakarta
94%
K A 13 Kabul
94%
K K 17 Kabul
94%
L A 11 Latvia
94%
L L 20 Libya
94%
L O 9 Luxembourg
94%
M A 28 Malawi
94%
M I 18 Minsk
94%
M O 17 Mongolia
94%
N A 18 Nassau
94%
N E 11 Nepal
94%
O O 4 Oslo
94%
P I 15 Paris
94%
P R 17 Peru
94%
R A 8 Romania
94%
R I 6 Riga
94%
S E 22 Senegal
94%
S I 27 Santiago
94%
S N 27 Singapore
94%
S O 28 Samoa
94%
S R 21 Syria
94%
T A 15 Tirana
94%
U S 3 United Arab Emirates
94%
V A 10 Vienna
94%
V N 8 Vienna
94%
V T 7 Vatican City
94%
V V 11 Vienna
94%
Y E 4 Yerevan
94%
Y N 4 Yerevan
94%
Y Y 5 Yerevan
94%
Z A 3 Zagreb
94%
Z B 3 Zagreb
94%
Z I 2 Zambia
94%
Z M 2 Zambia
94%
Z Z 3 Zagreb
94%
A J 2 Azerbaijan
93%
B H 8 Baghdad
93%
B Z 4 Brazil
93%
C E 9 Canberra
93%
C U 6 Cuba
93%
D O 7 Dodoma
93%
E I 6 East Timor
93%
F E 3 Freetown
93%
F I 4 Funafuti
93%
F R 3 Freetown
93%
I D 5 India
93%
I L 5 Islamabad
93%
I N 5 Iran
93%
K T 9 Kingston
93%
L I 9 Libreville
93%
M C 8 Mexico City
93%
M E 9 Mbabane
93%
M R 12 Moroni
93%
M T 8 Mexico City
93%
N I 10 Namibia
93%
N R 10 Nairobi
93%
O A 3 Ouagadougou
93%
P G 6 Prague
93%
P N 12 Panama
93%
P U 8 Palau
93%
R E 4 Roseau
93%
S D 12 Santo Domingo
93%
S L 13 San Salvador
93%
S T 16 Switzerland
93%
S U 12 Sudan
93%
T I 15 Taiwan
93%
T N 13 Tirana
93%
U G 3 Uganda
93%
U K 3 Ukraine
93%
Z E 2 Zagreb
93%
Z W 1 Zimbabwe
93%
A M 4 Armenia
92%
A O 5 Andorra la Vella
92%
C D 4 Cambodia
92%
C L 4 Chile
92%
C P 6 Copenhagen
92%
C T 6 Croatia
92%
F C 2 Federated States of Micronesia
92%
G I 7 Guinea
92%
G R 7 Greece
92%
H N 6 Havana
92%
I E 4 Iceland
92%
K N 7 Kenya
92%
K S 6 Kinshasa
92%
L B 8 Liberia
92%
L N 8 London
92%
L S 5 Lisbon
92%
M N 15 Minsk
92%
P E 8 Phnom Penh
92%
P L 7 Palau
92%
P O 13 Poland
92%
Q Q 2 Quito
92%
Q T 2 Quito
92%
R N 3 Republic of the Congo
92%
R O 4 Roseau
92%
R U 3 Russia
92%
S C 7 Saint Lucia
92%
S H 8 Saint John's
92%
T U 7 Thimphu
92%
U B 3 Ulaanbaatar
92%
U M 2 United Arab Emirates
92%
U R 4 Ulaanbaatar
92%
V I 7 Vienna
92%
V U 4 Vaduz
92%
Y M 2 Yemen
92%
A H 4 Athens
91%
B T 10 Bridgetown
91%
D L 4 Dili
91%
E R 5 East Timor
91%
E S 4 East Timor
91%
G M 4 Germany
91%
H I 4 Haiti
91%
J N 2 Japan
91%
L E 9 Libreville
91%
L T 4 Latvia
91%
L U 6 Lithuania
91%
M D 7 Mogadishu
91%
M L 11 Mali
91%
M S 10 Minsk
91%
N L 6 New Delhi
91%
P S 7 Paris
91%
P T 11 Pristina
91%
S K 7 South Korea
91%
T E 6 Turkey
91%
T K 5 Tokyo
91%
T R 6 Tirana
91%
V E 5 Vienna
91%
W W 4 Warsaw
91%
A Z 1 Azerbaijan
90%
D C 4 Damascus
90%
D T 3 Djibouti
90%
F D 2 Federated States of Micronesia
90%
G Y 3 Guyana
90%
I R 5 Ireland
90%
I S 4 Islamabad
90%
J R 3 Jakarta
90%
K I 8 Kuwait
90%
K Y 4 Kenya
90%
L H 3 Lesotho
90%
N D 7 New Delhi
90%
N H 7 New Delhi
90%
N O 7 Nicosia
90%
N W 2 Norway
90%
Q A 1 Qatar
90%
Q R 1 Qatar
90%
S M 10 Santo Domingo
90%
T L 6 Tallinn
90%
W A 2 Warsaw
90%
W S 2 Warsaw
90%
C S 6 Costa Rica
89%
D H 4 Dhaka
89%
D K 3 Dhaka
89%
E N 3 Equatorial Guinea
89%
H R 4 Harare
89%
J M 2 Jerusalem
89%
K H 4 Kinshasa
89%
M Y 3 Mexico City
89%
O M 1 Oman
89%
O N 1 Oman
89%
P Y 4 Pyongyang
89%
S P 6 Spain
89%
T S 6 Tbilisi
89%
U O 1 United Kingdom
89%
V L 3 Vilnius
89%
W G 2 Wellington
89%
W I 3 Windhoek
89%
W N 4 Windhoek
89%
W O 3 Windhoek
89%
W T 2 Wellington
89%
C M 4 Cameroomn
88%
G U 5 Guatemala City
88%
H S 2 Helsinki
88%
K R 4 Kuala Lumpur
88%
L R 4 Libreville
88%
M G 5 Madagascar
88%
N T 4 North Korea
88%
R M 2 Rome
88%
T O 5 Tokyo
88%
H O 3 Hanoi
87%
H U 2 Honduras
87%
I C 2 Iceland
87%
J P 1 Japan
87%
K Z 2 Kazakhstan
87%
L M 4 Luxembourg
87%
S G 7 Santiago
87%
S V 7 Slovenia
87%
V C 3 Victoria
87%
V Z 2 Vaduz
87%
W D 2 Windhoek
87%
W H 2 Windhoek
87%
B K 5 Baku
86%
B M 5 Bahamas
86%
B V 4 Bolivia
86%
D P 2 Democratic Republic of the Congo
86%
E G 2 Egypt
86%
G B 4 Gabon
86%
G C 2 Guatemala City
86%
G O 5 Gaborone
86%
K U 6 Kabul
86%
M U 9 Maputo
86%
R B 2 Rabat
86%
R S 2 Roseau
86%
R T 2 Rabat
86%
S W 4 Sweden
86%
T G 4 Trinidad and Tobago
86%
A F 1 Afghanistan
85%
E P 2 Egypt
85%
E U 2 Ecuador
85%
I O 2 Ivory Coast
85%
N C 4 Nicosia
85%
N M 5 Namibia
85%
R D 2 Riyadh
85%
R G 2 Riga
85%
W C 1 Washington D.C.
85%
E L 2 El Salvador
84%
I T 2 Ivory Coast
84%
I Y 2 Ivory Coast
84%
K G 4 Kingston
84%
L G 3 Luxembourg
84%
M X 2 Mexico City
84%
N G 4 Nigeria
84%
N U 6 Nassau
84%
P M 5 Panama
84%
T Y 2 Tokyo
84%
U Z 1 Uzbekistan
84%
E D 2 Ecuador
83%
F L 1 Finland
83%
K B 2 Kiribati
83%
P C 3 Port-au-Prince
83%
R H 2 Riyadh
83%
T H 4 Thimphu
83%
V Y 2 Vatican City
83%
D F 1 Democratic Republic of the Congo
82%
D G 1 Democratic Republic of the Congo
82%
D J 2 Djibouti
82%
F T 3 Freetown
82%
G T 4 Guatemala
82%
J D 1 Jordan
82%
J O 1 Jordan
82%
L X 2 Luxembourg
82%
S Y 3 Seychelles
82%
F O 2 Freetown
81%
H T 1 Haiti
81%
J C 1 Jamaica
81%
J I 1 Jamaica
81%
J U 2 Jerusalem
81%
L C 1 Liechtenstein
81%
M V 4 Montevideo
81%
N Y 3 Norway
81%
T D 2 Thailand
81%
W E 2 Wellington
81%
F J 1 Fiji
80%
K O 4 Kingston
80%
K V 2 Kyiv
80%
L V 2 Libreville
80%
M W 2 Moscow
80%
R W 1 Rwanda
80%
T M 2 Thimphu
80%
Z G 1 Zagreb
80%
Z R 1 Zagreb
80%
H D 1 Honduras
79%
H E 2 Helsinki
79%
M B 3 Mbabane
79%
P D 2 Podgorica
79%
U Y 1 Uruguay
79%
K L 4 Kabul
78%
K W 3 Kuwait City
78%
L D 2 London
78%
N K 3 North Korea
78%
P H 2 Philippines
78%
T B 2 Tbilisi
78%
T J 1 Tajikistan
78%
B W 3 Botswana
77%
E C 1 Ecuador
77%
E Q 1 Equatorial Guinea
77%
M Q 1 Mozambique
77%
M Z 1 Mozambique
77%
N Z 1 New Zealand
77%
W L 1 Wellington
77%
A C 2 Accra
76%
C Z 1 Czech Republic
76%
G L 2 Guatemala City
76%
H G 1 Hungary
76%
H K 1 Helsinki
76%
H L 1 Helsinki
76%
H Y 1 Hungary
76%
J K 1 Jakarta
76%
J T 1 Jakarta
76%
N B 2 Nairobi
76%
N S 3 Nassau
76%
O T 1 Ottawa
76%
O W 1 Ottawa
76%
Q I 1 Quito
76%
Q O 1 Quito
76%
Q U 1 Quito
76%
S F 2 Sofia
76%
S J 5 Saint John's
76%
T V 1 Tuvalu
76%
C Y 2 Cyprus
75%
J E 1 Jerusalem
75%
J L 1 Jerusalem
75%
J S 1 Jerusalem
75%
K E 1 Kenya
75%
K M 4 Kuala Lumpur
75%
P K 2 Pakistan
75%
R C 1 Republic of the Congo
75%
R F 1 Republic of the Congo
75%
R L 1 Republic of the Congo
75%
R P 1 Republic of the Congo
75%
R Y 2 Reykjavík
75%
V M 1 Vietnam
75%
Y A 4 Yerevan
75%
B P 2 Budapest
74%
E W 1 Eswatini
74%
I Q 1 Iraq
74%
O L 1 Oslo
74%
O S 1 Oslo
74%
T P 4 Thimphu
74%
W R 1 Warsaw
74%
B J 2 Beijing
73%
F M 1 Federated States of Micronesia
73%
F S 1 Federated States of Micronesia
73%
I B 1 Islamabad
73%
I M 1 Islamabad
73%
C F 1 Central African Republic
72%
E H 1 Ethiopia
72%
G H 1 Ghana
72%
M H 2 Mogadishu
72%
S B 2 Saudi Arabia
72%
Y R 3 Yerevan
72%
A K 1 Ankara
71%
A V 2 Andorra la Vella
71%
N P 2 Naypyidaw
71%
S Z 1 Switzerland
71%
U L 1 Ulaanbaatar
71%
B F 2 Burkina Faso
70%
T Z 1 Tanzania
70%
E Y 1 Egypt
69%
I V 1 Ivory Coast
69%
K C 1 Kuwait City
69%
K P 2 Kuala Lumpur
68%
R J 1 Reykjavík
68%
R K 1 Reykjavík
68%
R V 1 Reykjavík
68%
B C 1 Bucharest
67%
Y O 2 Yaoundé
67%
Y U 2 Yaoundé
67%
D S 2 Damascus
66%
E V 1 El Salvador
66%
G S 1 Guinea-Bissau
66%
L Y 1 Libya
65%
T W 1 Taiwan
65%
Y V 1 Yerevan
65%
P B 2 Port Moresby
64%
C G 1 Copenhagen
63%
G D 1 Grenada
63%
H V 1 Havana
63%
A P 1 Apia
62%
C V 1 Cape Verde
62%
P W 1 Papua New Guinea
62%
J B 1 Juba
61%
V D 1 Vaduz
61%
Y D 1 Yaoundé
61%
E M 1 East Timor
60%
V S 1 Vilnius
60%
L J 1 Ljubljana
59%
O D 1 Ouagadougou
58%
O G 1 Ouagadougou
58%
O U 1 Ouagadougou
58%
W K 1 Windhoek
57%
K D 1 Kathmandu
56%
C W 1 Cape Town
55%
F W 1 Freetown
55%
M P 1 Maputo
55%
G W 1 Georgetown
54%
F U 1 Funafuti
53%
L P 1 La Paz
53%
L Z 1 La Paz
53%
Y K 1 Yamoussoukro
53%
Y S 1 Yamoussoukro
53%
M K 1 Minsk
51%
C K 1 Conakry
49%
T C 1 Tegucigalpa
49%
P V 2 Porto-Novo
47%
L K 1 Lusaka
46%
P F 1 Port-of-Spain
46%
M J 1 Majuro
45%
L W 1 Lilongwe
44%
N F 1 Nukuʻalofa
43%
N J 1 N'Djamena
43%
V O 1 Victoria
43%
V R 1 Victoria
43%
No matching quizzes found
Score Distribution
Percent of People with Each Score
Percentile by Number Answered
Your Score History
You have not taken this quiz